Fundamentals of heat and mass transfer
में बचाया:
| मुख्य लेखकों: | , , , |
|---|---|
| स्वरूप: | पुस्तक |
| भाषा: | अंग्रेज़ी |
| प्रकाशित: |
Nueva Delhi
John Wiley and Sons
2007
|
| संस्करण: | 6a. ed |
| श्रृंखला: | Wiley Student Edition
|
| विषय: | |
| टैग: |
टैग जोड़ें
कोई टैग नहीं, इस रिकॉर्ड को टैग करने वाले पहले व्यक्ति बनें!
|
MARC
| LEADER | 00000cam a2200000 a 4500 | ||
|---|---|---|---|
| 001 | UCF4916 | ||
| 003 | CL-VaPUC | ||
| 008 | 130110e20070000II |||||||||||||||||eng|d | ||
| 020 | |a 9788126527649 | ||
| 082 | 0 | 4 | |a 621.4022 |b INC |2 21 |
| 100 | |a Incropera, Frank P |e author |9 566631 | ||
| 700 | 0 | |a Dewitt, David P |e author |9 566632 | |
| 700 | 0 | |a Bergman, Theodore L |e author |9 566633 | |
| 700 | 0 | |a Lavine, Adrienne S |e author |9 566634 | |
| 245 | 1 | 0 | |a Fundamentals of heat and mass transfer |
| 250 | |a 6a. ed | ||
| 300 | |a 925 p | ||
| 942 | |c BK | ||
| 945 | |d 20130110 00:00:00 |a cmena | ||
| 260 | |a Nueva Delhi |b John Wiley and Sons |c 2007 | ||
| 650 | 0 | |a Transmisión de calor |9 259410 | |
| 650 | 0 | |a Transferencia de masa |9 259375 | |
| 583 | |a last modification |c 20130110 11:00:00 |k Rodrigo Vera | ||
| 490 | 0 | |a Wiley Student Edition | |
| 999 | |c 350592 |d 350590 | ||
| 952 | |0 0 |1 0 |4 0 |6 621_402200000000000_INC_2007 |7 0 |8 A |9 454126 |a BIBING |b BIBING |d 2019-11-22 |i 4943163 |o 621.4022 INC 2007 |p 4943163 |r 2025-01-20 |w 2019-11-22 |y BK |k EIQ | ||